000 00569nam a22001697a 4500
082 _a891.439109
_bALI
100 _a Abid Ali, Mian
245 _aKhudi Ki Talash\
260 _aLahore;
_bIlm-o-irfan,
_c2021.
300 _a152p. ;
_c25cm.
563 _aHB
650 _aa Personality development , Religious aspects, Islam.
_9129440
880 _6100-01\(3\r
_a علی, میاں عابد
880 _6245-02\(3\r
_aخودی کی تلاش\
_bمیاں عابد علی
880 _6260-03\(3\r
_aلاہور;
_bعلم و عرفان,
_c2021
942 _2ddc
_cBK
999 _c614124
_d614124